The Journal of Indo-European studies

Detalles Bibliográficos
Formato: Electrónico Revista
Lenguaje:inglés
Publicado: [Washington] [Journal of Indo-European Studies]
Materias:
Acceso en línea:Full text available from Research Library: 04/01/1998 to 12/31/2000
Full text available from Research Library: 01/01/2010 to 2 years ago

MARC

LEADER 00000nas a2200000 4500
001 ssj0029828
003 WaSeSS
005 20200512172242.0
006 m d
007 cr n
008 740117c19739999dcuqr p s 0 a0eng
010 |a  73642748  
016 |a (AMICUS)000000092132 
016 7 |a 010490136  |2 Uk 
022 |l 0092-2323  |y 0092-2323 
035 |a (WaSeSS)ssj0029828 
037 |b Journal of Indo-European Studies, % Institute for the Study of Man, 1133 13th St., N.W., Suite C-2, Washington, D.C. 20005 
040 |a DLC  |b eng  |c DLC  |d OCL  |d NSD  |d AIP  |d OCL  |d NSD  |d DLC  |d NST  |d NSD  |d NST  |d HUL  |d NST  |d SYS  |d OCLCQ  |d LVB  |d OCLCQ  |d OCLCO  |d OCLCF  |d NLC  |d AVA  |d OCLCQ  |d GILDS  |d TYC  |d OCLCQ  |d TOZ  |d OCLCO  |d OCLCQ  |d UKMGB  |d OCLCQ  |d WaSeSS 
042 |a pcc  |a nsdp 
050 0 0 |a CB201  |b .J68 
082 0 4 |a 910/.03 
210 0 |a J. Indo-Eur. stud. 
222 0 |a Journal of Indo-European studies 
245 0 4 |a The Journal of Indo-European studies  |h [electronic resource]. 
260 |a [Washington]  |b [Journal of Indo-European Studies] 
310 |a Quarterly 
362 0 |a v. 1- spring 1973- 
506 |a License restrictions may limit access. 
650 0 |a Indo-Europeans  |v Periodicals. 
650 6 |a Indo-Européens  |v Périodiques. 
650 7 |a Indo-Europeans.  |2 fast  |0 (OCoLC)fst00970466 
655 0 |a Electronic journals. 
787 1 |t Journal of Indo-European studies. Monograph  |x 0895-7258  |w (DLC)sn 87001683 
850 |a CaMWUC  |a CaSSU  |a CoFS  |a DCHS  |a DLC  |a KyLoU  |a KyU  |a LU  |a MBU  |a MMeT  |a MdU  |a NN  |a NjR  |a PPiD  |a ScCleU  |a UPB 
853 3 3 |8 1  |a v.  |b no.  |u 4  |v r  |i (year)  |j (season)  |w q  |x 21 
856 4 0 |z Full text available from Research Library: 04/01/1998 to 12/31/2000  |u https://search.proquest.com/publication/30938 
856 4 0 |z Full text available from Research Library: 01/01/2010 to 2 years ago  |u https://search.proquest.com/publication/30938 
863 4 0 |8 1  |a <1>-  |i <1973>-  |x provisional